Henrici Cornelii Agrippae ab Netteseym ... Opera. In dvos tomos ...
| Médium: | Kniha |
|---|---|
| Jazyk: | latinčina |
| Vydavateľské údaje: |
Lugduni
Per Beringos fratres
[1630]
|
MARC
| LEADER | 00000nam a22000005a 4500 | ||
|---|---|---|---|
| 001 | vtls010564309 | ||
| 003 | SK-MaSNL | ||
| 005 | 20260224083213.0 | ||
| 008 | 180810s1630 gw 000 0 lat | ||
| 020 | |q (viaz.) | ||
| 040 | |a SNK |b slo |c SNK |e AACR2 | ||
| 041 | 0 | |a lat | |
| 044 | |a gw |c DE | ||
| 245 | 1 | 0 | |a Henrici Cornelii Agrippae ab Netteseym ... Opera. In dvos tomos ... |
| 260 | |a Lugduni |b Per Beringos fratres |c [1630] | ||
| 958 | |a ONDV | ||
| 999 | |c 926182 |d 928112 | ||
| 952 | |a SNK |b SNK |y PREZ |7 0 |p 17A1101063 |o snkID 48952/1-2 |i snk2013/30262 |8 3 |g 7133.00 |0 0 |1 0 |4 0 |d 2013-12-10 |l 0 |r 2026-02-24 08:32:13 |w 2026-02-24 | ||


